[Event "Czech Open Rapid 2019"]
[Site "Pardubice"]
[Date "2019.07.18"]
[Round "6.17"]
[White "Lalic, Bogdan"]
[Black "Sydoryka, Vladyslav"]
[Result "1-0"]
[WhiteElo "2411"]
[BlackElo "2315"]
[Annotator "NA"]
[PlyCount "95"]
[EventDate "2019.07.17"]
[EventType "swiss"]
[EventCountry "CZE"]
[SourceTitle "playchess.com"]
[Source "ChessBase"]
[SourceQuality "1"]

1. c4 c5 2. Nf3 g6 3. d4 cxd4 4. Nxd4 Bg7 5. e4 Nc6 6. Be3 Nf6 7. Nc3 Ng4 8. Qxg4 Nxd4 9. Qd1 e5 10. Bd3 O-O 11. O-O d6 12. Ne2 Be6 13. Qd2 Re8 14. Rad1 Rc8 15. b3 Qb6 16. Bb1 Nxe2+ 17. Qxe2 Qc7 18. Qd2 Red8 19. a4 b6 20. Bd3 Qc6 21. a5 f5 22. f3 Rd7 23. Ra1 Rb7 24. axb6 axb6 25. Ra6 Bf6 26. Rfa1 f4 27. Bf2 Bd8 28. g4 fxg3 29. hxg3 Rf7 30. Be2 Bc7 31. Qb4 Rcf8 32. Bxb6 Bc8 33. Bxc7 Bxa6 34. Bxd6 Re8 35. Qa4 Qxd6 36. Qxe8+ Rf8 37. Qa4 Qd4+ 38. Kg2 Qe3 39. Qa2 Bb7 40. Qc2 Qc5 41. Qd3 g5 42. g4 Bc6 43. Qd2 h6 44. b4 Qe7 45. b5 Bd7 46. Ra7 Rd8 47. Qd5+ Kh8 48. c5 1-0

[Event "Czech Open Rapid 2019"]
[Site "Pardubice"]
[Date "2019.07.18"]
[Round "6.18"]
[White "Strebkovs, Andrejs"]
[Black "Stocek, Jiri"]
[Result "1/2-1/2"]
[WhiteElo "2275"]
[BlackElo "2556"]
[Annotator "TA"]
[PlyCount "207"]
[EventDate "2019.07.17"]
[EventType "swiss"]
[EventCountry "CZE"]
[SourceTitle "playchess.com"]
[Source "ChessBase"]
[SourceQuality "1"]

1. e4 e6 2. d4 d5 3. exd5 exd5 4. Nf3 Bd6 5. c4 Nf6 6. Nc3 O-O 7. Be2 dxc4 8. Bxc4 Re8+ 9. Be2 Nbd7 10. O-O h6 11. Bc4 Nb6 12. Bb3 c6 13. h3 Be6 14. Be3 Bxb3 15. Qxb3 Qd7 16. Rad1 Nbd5 17. Nxd5 Nxd5 18. Rfe1 Qc7 19. Bd2 Qb6 20. Qc2 Be7 21. Ne5 Bf6 22. Bc3 Rad8 23. Qf5 Qa6 24. Qb1 Nf4 25. Kh2 Qb5 26. Qe4 Ne6 27. Kh1 Qa4 28. f4 Qxa2 29. Ra1 Qb3 30. Rxa7 Nc7 31. Ra3 Qe6 32. Ba5 Rc8 33. Bxc7 Rxc7 34. Rea1 Rcc8 35. Ra7 Qb3 36. Qe2 Rcd8 37. R1a3 Qb6 38. Qc4 Bxe5 39. dxe5 Rd1+ 40. Kh2 Qg1+ 41. Kg3 Qe1+ 42. Kh2 Qg1+ 43. Kg3 Rd4 44. Qe2 Qc1 45. Rf3 Rd2 46. Qe4 Qxb2 47. Rfa3 Rdd8 48. Ra2 Qb6 49. R7a3 Qd4 50. Qf3 g5 51. Re2 Qxf4+ 52. Qxf4 gxf4+ 53. Kxf4 Rd4+ 54. Kf5 Re6 55. Ra7 b5 56. Rb7 Kg7 57. Re3 Rg6 58. Re4 Rxe4 59. Kxe4 Rxg2 60. Rc7 Rg6 61. Rb7 h5 62. Kf5 h4 63. Kf4 Kf8 64. Rb6 Re6 65. Rb7 Kg8 66. Kf5 Kg7 67. Rb6 Rg6 68. Rb7 c5 69. Rxb5 Rc6 70. Rb1 c4 71. Ke4 c3 72. Kd5 Rc8 73. Rg1+ Kf8 74. e6 c2 75. Rc1 f6 76. Kd6 Ke8 77. e7 Rc3 78. Ke6 Rc6+ 79. Kd5 Rc7 80. Ke6 Rxe7+ 81. Kxf6 Re2 82. Kg5 Ke7 83. Kxh4 Rg2 84. Kh5 Kf6 85. Re1 Rg5+ 86. Kh6 Rc5 87. Rc1 Kf5 88. Kh5 Rc3 89. h4 Rc6 90. Rf1+ Ke4 91. Rc1 Kf4 92. Rf1+ Kg3 93. Rg1+ Kf2 94. Rc1 Ke2 95. Kg5 Kd2 96. Rh1 c1=Q 97. Rxc1 Rxc1 98. h5 Ke3 99. h6 Rc7 100. Kg6 Kf4 101. h7 Rc8 102. Kg7 Kg5 103. h8=Q Rxh8 104. Kxh8 1/2-1/2

[Event "Czech Open Rapid 2019"]
[Site "Pardubice"]
[Date "2019.07.18"]
[Round "6.18"]
[White "Rohan Bharat Joshi"]
[Black "Tarakanov, Oleg"]
[Result "1-0"]
[WhiteElo "1901"]
[BlackElo "2118"]
[Annotator "NA"]
[PlyCount "37"]
[EventDate "2019.07.17"]
[EventType "swiss"]
[EventCountry "CZE"]
[SourceTitle "playchess.com"]
[Source "ChessBase"]
[SourceQuality "1"]

1. e4 e5 2. Nf3 Nc6 3. Nc3 Nf6 4. d4 exd4 5. Nxd4 d6 6. Nxc6 bxc6 7. Bd3 Be7 8. O-O O-O 9. f4 Nd7 10. Be3 Bf6 11. Qf3 Bb7 12. Qh3 g6 13. Rad1 Qe7 14. e5 Bg7 15. Ne4 dxe5 16. Ng5 h6 17. f5 hxg5 18. fxg6 fxg6 19. Bxg6 1-0

[Event "Czech Open Rapid 2019"]
[Site "Pardubice"]
[Date "2019.07.18"]
[Round "6.19"]
[White "Zilka, Stepan"]
[Black "Vittorino, Carlo Giovanni"]
[Result "1-0"]
[WhiteElo "2534"]
[BlackElo "2252"]
[Annotator "ChessBase"]
[PlyCount "43"]
[EventDate "2019.07.17"]
[EventType "swiss"]
[EventCountry "CZE"]
[SourceTitle "playchess.com"]
[Source "ChessBase"]
[SourceQuality "1"]

1. e4 e5 2. Nf3 Nc6 3. d4 exd4 4. Nxd4 Nf6 5. Nxc6 bxc6 6. e5 Qe7 7. Qe2 Nd5 8. h4 f6 9. c4 Ba6 10. Rh3 O-O-O 11. Ra3 Nb4 12. Ra4 d5 13. a3 Bxc4 14. Qg4+ Rd7 15. axb4 Qxe5+ 16. Be3 f5 17. Qf3 Bb5 18. Bxb5 cxb5 19. Rxa7 Bxb4+ 20. Kf1 Rdd8 21. Nc3 Bxc3 22. bxc3 1-0

[Event "Czech Open Rapid 2019"]
[Site "Pardubice"]
[Date "2019.07.18"]
[Round "6.19"]
[White "Grabinsky, Vladimir"]
[Black "Sreyas Payyappat"]
[Result "1/2-1/2"]
[WhiteElo "2226"]
[BlackElo "2072"]
[Annotator "NA"]
[PlyCount "101"]
[EventDate "2019.07.17"]
[EventType "swiss"]
[EventCountry "CZE"]
[SourceTitle "playchess.com"]
[Source "ChessBase"]
[SourceQuality "1"]

1. e4 e5 2. Nf3 Nc6 3. d4 exd4 4. c3 d5 5. exd5 Qxd5 6. cxd4 Bb4+ 7. Nc3 Nf6 8. Be2 O-O 9. O-O Bxc3 10. bxc3 Bg4 11. h3 Bh5 12. Rb1 Rfe8 13. Be3 Ne4 14. Qc2 Bg6 15. Bd3 a6 16. Nh4 Nd6 17. Nxg6 hxg6 18. c4 Qa5 19. a4 b6 20. c5 Nb4 21. Qc3 Nxd3 22. Qxa5 bxa5 23. cxd6 cxd6 24. Rb6 d5 25. Rfb1 Nb4 26. Rc1 Rec8 27. Rc5 Rxc5 28. dxc5 Rc8 29. Rd6 Kf8 30. g4 Ke7 31. Kf1 Rc6 32. Rxc6 Nxc6 33. Ke2 d4 34. Bf4 Ke6 35. Bc7 Kd5 36. Bd6 Nd8 37. Bc7 Nb7 38. Bb6 Nxc5 39. Bxa5 Nxa4 40. Bb4 Nc5 41. f4 Kc4 42. Ba3 d3+ 43. Ke3 Nb3 44. Bb2 Nd4 45. h4 Ne6 46. f5 gxf5 47. gxf5 Nd4 48. Bxd4 d2 49. Kxd2 Kxd4 50. f6 g6 51. Ke1 1/2-1/2

[Event "Czech Open Rapid 2019"]
[Site "Pardubice"]
[Date "2019.07.18"]
[Round "6.20"]
[White "Manik, Mikulas"]
[Black "Nun, Jiri"]
[Result "1-0"]
[WhiteElo "2377"]
[BlackElo "2310"]
[Annotator "NA"]
[PlyCount "69"]
[EventDate "2019.07.17"]
[EventType "swiss"]
[EventCountry "CZE"]
[SourceTitle "playchess.com"]
[Source "ChessBase"]
[SourceQuality "1"]

1. e4 c5 2. Nf3 Nc6 3. Bb5 Na5 4. c3 a6 5. Ba4 b5 6. Bc2 Bb7 7. d4 e6 8. dxc5 Nf6 9. Qe2 Qc7 10. O-O e5 11. Bg5 Be7 12. b4 Nc6 13. Nbd2 h6 14. Bxf6 Bxf6 15. a4 bxa4 16. Nc4 O-O 17. Nd6 Ne7 18. Nxb7 Qxb7 19. Rxa4 Rfd8 20. Rfa1 d6 21. cxd6 Rxd6 22. Bd3 Qc7 23. R4a3 Ng6 24. g3 Rc6 25. c4 Rb8 26. b5 axb5 27. cxb5 Rc1+ 28. Kg2 Rxa1 29. Rxa1 Be7 30. Bc4 Bc5 31. Rc1 Qe7 32. Bxf7+ Kxf7 33. Qc4+ Qe6 34. Qxe6+ Kxe6 35. Rxc5 1-0

[Event "Czech Open Rapid 2019"]
[Site "Pardubice"]
[Date "2019.07.18"]
[Round "6.20"]
[White "Chovanec, Vladimir"]
[Black "Chudinovskikh, Alexander M"]
[Result "0-1"]
[WhiteElo "2047"]
[BlackElo "2152"]
[Annotator "NA"]
[PlyCount "102"]
[EventDate "2019.07.17"]
[EventType "swiss"]
[EventCountry "CZE"]
[SourceTitle "playchess.com"]
[Source "ChessBase"]
[SourceQuality "1"]

1. e4 g6 2. Nc3 Bg7 3. f4 c6 4. Nf3 d5 5. e5 Bg4 6. d4 e6 7. h3 Bxf3 8. Qxf3 Ne7 9. Bd3 Qb6 10. Ne2 Nd7 11. c3 c5 12. O-O O-O 13. Be3 cxd4 14. Bxd4 Qc7 15. Rac1 Nc6 16. Bf2 Nb6 17. Bc5 Rfe8 18. Bd6 Qd7 19. Rfd1 Rac8 20. Qf2 f6 21. exf6 Bxf6 22. Bc5 Na4 23. Ba3 Qg7 24. Kh1 Kh8 25. Bb5 Nb6 26. Bc5 e5 27. Bxb6 axb6 28. Rxd5 exf4 29. Nxf4 Be5 30. Qd2 Qh6 31. Rf1 Rf8 32. Bxc6 Bxf4 33. Qd4+ Kg8 34. Bxb7 Be3 35. Rxf8+ Rxf8 36. Qc4 Kh8 37. Rd1 Qg5 38. Qg4 Qxg4 39. hxg4 Rf2 40. Re1 Bf4 41. b4 Rxa2 42. c4 Bg3 43. Rd1 Rb2 44. b5 Kg7 45. Kg1 Kf6 46. Kf1 Kg5 47. Bf3 Rf2+ 48. Kg1 Rc2 49. Rd5+ Kf6 50. Kf1 Rxc4 51. Rd6+ Bxd6 0-1

[Event "Czech Open Rapid 2019"]
[Site "Pardubice"]
[Date "2019.07.18"]
[Round "6.21"]
[White "Jirka, Jiri"]
[Black "Ptacnikova, Lenka"]
[Result "1-0"]
[WhiteElo "2407"]
[BlackElo "2074"]
[Annotator "NA"]
[PlyCount "75"]
[EventDate "2019.07.17"]
[EventType "swiss"]
[EventCountry "CZE"]
[SourceTitle "playchess.com"]
[Source "ChessBase"]
[SourceQuality "1"]

1. d4 Nf6 2. c4 e6 3. g3 d5 4. Bg2 c5 5. cxd5 Nxd5 6. Nf3 Nc6 7. O-O Be7 8. dxc5 Bxc5 9. e4 Ndb4 10. Qa4 Bd7 11. a3 Nd4 12. Qd1 Nbc2 13. Nxd4 Nxd4 14. b4 Bb6 15. Bb2 e5 16. Nc3 a5 17. Qh5 Bc7 18. f4 O-O 19. Nd5 Bb6 20. Kh1 Bb5 21. Nxb6 Bxf1 22. Nxa8 Bxg2+ 23. Kxg2 Nc6 24. Rd1 Qxa8 25. b5 g6 26. Qg5 f6 27. Qg4 Nd4 28. fxe5 fxe5 29. Bxd4 exd4 30. Qe6+ Kh8 31. Qe5+ Kg8 32. Qd5+ Kh8 33. Qxd4+ Kg8 34. Qc4+ Kh8 35. Qc3+ Kg8 36. Rd7 Rf7 37. Qc4 Qe8 38. Rxb7 1-0

[Event "Czech Open Rapid 2019"]
[Site "Pardubice"]
[Date "2019.07.18"]
[Round "6.21"]
[White "Pacl, Vaclav"]
[Black "Hrabinska, Myroslava"]
[Result "0-1"]
[WhiteElo "2059"]
[BlackElo "2243"]
[Annotator "NA"]
[PlyCount "116"]
[EventDate "2019.07.17"]
[EventType "swiss"]
[EventCountry "CZE"]
[SourceTitle "playchess.com"]
[Source "ChessBase"]
[SourceQuality "1"]

1. Nf3 d5 2. d4 Nf6 3. e3 Bg4 4. h3 Bh5 5. Nbd2 e6 6. c4 c6 7. Qb3 Qb6 8. c5 Qc7 9. Ne5 Nbd7 10. f4 Nxe5 11. fxe5 Nd7 12. e4 Be7 13. exd5 exd5 14. Nf3 f6 15. g4 Bg6 16. Bf4 O-O 17. Qe3 fxe5 18. Nxe5 Bh4+ 19. Kd1 Nxe5 20. Bxe5 Qa5 21. Bd3 Rf2 22. Bxg6 hxg6 23. Qc3 Qa4+ 24. b3 Qa6 25. Re1 Rxa2 26. Rxa2 Qxa2 27. Rf1 Re8 28. Qd3 Bg5 29. Qc2 Qa1+ 30. Ke2 Qa6+ 31. Qd3 Qa2+ 32. Kd1 Re6 33. Qc2 Qa1+ 34. Ke2 Qa6+ 35. Kf2 b6 36. b4 Qa3 37. Kg2 Qxb4 38. Ra1 bxc5 39. Rxa7 Re7 40. Rxe7 Bxe7 41. Qxg6 Qd2+ 42. Kf1 Qd1+ 43. Kg2 Qe2+ 44. Kg1 Qe3+ 45. Kg2 Qe4+ 46. Qxe4 dxe4 47. Kf2 cxd4 48. Bxd4 Bg5 49. Be3 Bh4+ 50. Ke2 Kf7 51. Bf4 Ke6 52. Ke3 Kd5 53. g5 g6 54. Kd2 Bf2 55. Ke2 Bh4 56. Kd2 Ke6 57. Ke2 Kf5 58. Ke3 Bf2+ 0-1

[Event "Czech Open Rapid 2019"]
[Site "Pardubice"]
[Date "2019.07.18"]
[Round "6.22"]
[White "Myshakov, Fyodor"]
[Black "Zanan, Evgeny"]
[Result "1/2-1/2"]
[WhiteElo "2295"]
[BlackElo "2505"]
[Annotator "TA"]
[PlyCount "117"]
[EventDate "2019.07.17"]
[EventType "swiss"]
[EventCountry "CZE"]
[SourceTitle "playchess.com"]
[Source "ChessBase"]
[SourceQuality "1"]

1. c4 e5 2. Nc3 Nf6 3. Nf3 Nc6 4. g3 d5 5. cxd5 Nxd5 6. d3 Nb6 7. Bg2 Be7 8. O-O O-O 9. Bd2 Re8 10. Rc1 Bf8 11. Na4 Nd4 12. Nc5 c6 13. b4 Nd7 14. Nxd7 Bxd7 15. Bc3 Bg4 16. Bxd4 exd4 17. Rc4 Qf6 18. Qd2 Rad8 19. Qb2 Rd7 20. Rfc1 Red8 21. a4 g6 22. h3 Be6 23. R4c2 h5 24. e4 Qe7 25. Ne5 Rc7 26. b5 c5 27. f4 Bg7 28. Nc4 f5 29. e5 h4 30. gxh4 Qxh4 31. Rf2 Bh6 32. Rcf1 Rg7 33. Nd6 Rf8 34. Bxb7 g5 35. Rg2 Qxh3 36. Qe2 gxf4 37. Rxg7+ Bxg7 38. Rf2 Qe3 39. Kh1 Qxe5 40. Qxe5 Bxe5 41. Re2 Bxd6 42. Rxe6 Rd8 43. Bd5 Kg7 44. Kg2 Bf8 45. Bc4 Bd6 46. Kf3 Rd7 47. a5 Kf8 48. a6 Bc7 49. Rf6+ Ke8 50. Rxf5 Re7 51. Rxc5 Re3+ 52. Kf2 Ba5 53. Rf5 Bc7 54. Rf7 Re7 55. Rxe7+ Kxe7 56. Kf3 Kd6 57. Kxf4 Kc5+ 58. Kf5 Bb6 59. Ke4 1/2-1/2

[Event "Czech Open Rapid 2019"]
[Site "Pardubice"]
[Date "2019.07.18"]
[Round "6.22"]
[White "Svoboda, Petr"]
[Black "Bystrov, Sergej M."]
[Result "1/2-1/2"]
[WhiteElo "2088"]
[BlackElo "2197"]
[Annotator "NA"]
[PlyCount "35"]
[EventDate "2019.07.17"]
[EventType "swiss"]
[EventCountry "CZE"]
[SourceTitle "playchess.com"]
[Source "ChessBase"]
[SourceQuality "1"]

1. Nf3 c5 2. b3 Nc6 3. Bb2 d6 4. g3 e5 5. e4 g6 6. Bg2 Bg7 7. O-O Nge7 8. d3 O-O 9. Nbd2 h6 10. Nh4 Be6 11. Nc4 Qd7 12. Re1 b5 13. Ne3 d5 14. exd5 Nxd5 15. Nxd5 Bxd5 16. Nf3 Rfe8 17. c4 Bxf3 18. Bxf3 1/2-1/2

[Event "Czech Open Rapid 2019"]
[Site "Pardubice"]
[Date "2019.07.18"]
[Round "6.23"]
[White "Vavra, Pavel"]
[Black "Malygin, Vladislav"]
[Result "1-0"]
[WhiteElo "2367"]
[BlackElo "1855"]
[Annotator "NA"]
[PlyCount "101"]
[EventDate "2019.07.17"]
[EventType "swiss"]
[EventCountry "CZE"]
[SourceTitle "playchess.com"]
[Source "ChessBase"]
[SourceQuality "1"]

1. d4 d5 2. Nf3 Nf6 3. e3 c5 4. c3 Nc6 5. dxc5 e6 6. b4 a5 7. b5 Na7 8. Qd4 g6 9. a4 Bg7 10. Ba3 O-O 11. Be2 Ne4 12. Qd3 Bd7 13. Nfd2 f5 14. Nxe4 fxe4 15. Qc2 Qh4 16. O-O Bh6 17. g3 Qh3 18. c6 bxc6 19. b6 Rf5 20. bxa7 Rxa7 21. Bc5 Ra8 22. Nd2 Bf8 23. Nxe4 dxe4 24. Bxf8 Raxf8 25. Qxe4 h5 26. f4 h4 27. g4 R5f6 28. Qe5 Kh7 29. Bf3 c5 30. Rab1 Bxa4 31. Rb7+ Kg8 32. Qxc5 Bc2 33. Qxa5 Bd1 34. Qa7 R6f7 35. Bxd1 Rxb7 36. Qxb7 Qxe3+ 37. Kh1 Qxc3 38. Qe4 Qf6 39. Bb3 Re8 40. f5 gxf5 41. gxf5 Kh8 42. Bxe6 Rb8 43. Rf4 Qa1+ 44. Kg2 Rb2+ 45. Rf2 Rxf2+ 46. Kxf2 Qb2+ 47. Kf3 Qxh2 48. Qa8+ Kg7 49. Qg8+ Kf6 50. Qf7+ Ke5 51. Qc7+ 1-0

[Event "Czech Open Rapid 2019"]
[Site "Pardubice"]
[Date "2019.07.18"]
[Round "6.23"]
[White "Mojzis, Jaroslav"]
[Black "Nehyba, Martin"]
[Result "1-0"]
[WhiteElo "2095"]
[BlackElo "2090"]
[Annotator "NA RC"]
[PlyCount "115"]
[EventDate "2019.07.17"]
[EventType "swiss"]
[EventCountry "CZE"]
[SourceTitle "playchess.com"]
[Source "ChessBase"]
[SourceQuality "1"]

1. d4 f5 2. Nf3 Nf6 3. g3 g6 4. Bg2 Bg7 5. Nc3 O-O 6. O-O d6 7. Re1 c6 8. e4 fxe4 9. Nxe4 Nxe4 10. Rxe4 Bf5 11. Re1 Nd7 12. Bf4 e5 13. dxe5 dxe5 14. Nxe5 Nxe5 15. Bxe5 Qxd1 16. Raxd1 Bxe5 17. Rxe5 Bxc2 18. Rd7 Rad8 19. Ree7 Rxd7 20. Rxd7 Rf7 21. Rd6 Bf5 22. f4 Rd7 23. Rxd7 Bxd7 24. Kf2 Kf7 25. Ke3 Ke7 26. h3 Be6 27. a3 Kd6 28. g4 b6 29. Bf3 c5 30. h4 h6 31. Be2 Bd7 32. g5 hxg5 33. hxg5 Bf5 34. Bf3 b5 35. Be2 a6 36. a4 Kc6 37. a5 Kd5 38. Bf3+ Kc4 39. Be4 Bxe4 40. Kxe4 Kb3 41. f5 gxf5+ 42. Kxf5 Kxb2 43. g6 c4 44. g7 c3 45. g8=Q b4 46. Qg7 Kb1 47. Qd4 c2 48. Qxb4+ Ka2 49. Qc3 Kb1 50. Qb3+ Ka1 51. Qc3+ Kb1 52. Ke5 c1=Q 53. Qxc1+ Kxc1 54. Kd5 Kd2 55. Kc5 Ke3 56. Kb6 Ke4 57. Kxa6 Ke5 58. Kb7 1-0

[Event "Czech Open Rapid 2019"]
[Site "Pardubice"]
[Date "2019.07.18"]
[Round "6.24"]
[White "Dev, Shah"]
[Black "Simacek, Pavel"]
[Result "0-1"]
[WhiteElo "2147"]
[BlackElo "2490"]
[Annotator "ChessBase"]
[PlyCount "68"]
[EventDate "2019.07.17"]
[EventType "swiss"]
[EventCountry "CZE"]
[SourceTitle "playchess.com"]
[Source "ChessBase"]
[SourceQuality "1"]

1. d4 Nf6 2. c4 c5 3. d5 e6 4. Nc3 exd5 5. cxd5 d6 6. e4 g6 7. Nf3 a6 8. a4 Bg4 9. Qb3 Bxf3 10. Qxb7 Nxe4 11. Nxe4 Bxe4 12. Qxa8 Qb6 13. Bxa6 Bxg2 14. Bb5+ Ke7 15. Rg1 Be4 16. Bg5+ f6 17. O-O-O Kf7 18. Rde1 fxg5 19. Rxe4 Bg7 20. Rge1 Be5 21. Rxe5 dxe5 22. Rxe5 Rd8 23. Re6 Qc7 24. d6 Rxd6 25. Re8 Nd7 26. Bc4+ Kg7 27. Rg8+ Kh6 28. Rc8 Qb6 29. Bb5 c4 30. Qf3 Ne5 31. Qf8+ Kh5 32. Qg7 Qd4 33. Qxh7+ Kg4 34. Kb1 Qd1+ 0-1

[Event "Czech Open Rapid 2019"]
[Site "Pardubice"]
[Date "2019.07.18"]
[Round "6.24"]
[White "Bares, Jachym"]
[Black "Taranik, Olexiy"]
[Result "1/2-1/2"]
[WhiteElo "2015"]
[BlackElo "2124"]
[Annotator "TA"]
[PlyCount "107"]
[EventDate "2019.07.17"]
[EventType "swiss"]
[EventCountry "CZE"]
[SourceTitle "playchess.com"]
[Source "ChessBase"]
[SourceQuality "1"]

1. e4 e6 2. d4 d5 3. exd5 exd5 4. Nf3 Nf6 5. Bd3 Bd6 6. O-O O-O 7. Bg5 Nbd7 8. c3 c6 9. Nbd2 Qc7 10. Re1 h6 11. Bh4 b6 12. Bg3 Bb7 13. Bxd6 Qxd6 14. Nh4 Rfe8 15. Qf3 g6 16. Nf1 Re6 17. Rxe6 Qxe6 18. Qg3 Nf8 19. Ne3 Re8 20. Re1 Ne4 21. Qc7 Qe7 22. Qxe7 Rxe7 23. Ng4 h5 24. Nf6+ Kg7 25. Nxe4 f5 26. f3 c5 27. dxc5 bxc5 28. Kf2 dxe4 29. fxe4 fxe4 30. Bc4 Nd7 31. g3 Ne5 32. Be2 e3+ 33. Kg1 c4 34. Ng2 Bxg2 35. Kxg2 Nd3 36. Rb1 Rf7 37. Rf1 Rxf1 38. Bxf1 Nxb2 39. Kf3 Nd1 40. Bxc4 Kf6 41. Ke2 Nxc3+ 42. Kxe3 Ke5 43. h4 Kf5 44. Kf3 a5 45. Bd3+ Kf6 46. a3 g5 47. Ke3 gxh4 48. gxh4 Ke5 49. Bg6 Nb5 50. a4 Nc3 51. Be8 Kf5 52. Kd4 Nxa4 53. Bxa4 Kg4 54. Be8 1/2-1/2

[Event "Czech Open Rapid 2019"]
[Site "Pardubice"]
[Date "2019.07.18"]
[Round "6.25"]
[White "Petr, Martin"]
[Black "Nikologorsky, Matfei"]
[Result "1/2-1/2"]
[WhiteElo "2459"]
[BlackElo "2223"]
[Annotator "TA"]
[PlyCount "126"]
[EventDate "2019.07.17"]
[EventType "swiss"]
[EventCountry "CZE"]
[SourceTitle "playchess.com"]
[Source "ChessBase"]
[SourceQuality "1"]

1. e4 c5 2. d4 cxd4 3. c3 dxc3 4. Nxc3 Nc6 5. Nf3 d6 6. Bc4 e6 7. O-O Nf6 8. Qe2 Be7 9. Rd1 e5 10. h3 O-O 11. Bg5 Be6 12. Rac1 a6 13. Bd5 Nxd5 14. exd5 Bxd5 15. Rxd5 Bxg5 16. Rcd1 Be7 17. Ne4 Qc7 18. Qd2 Rad8 19. Nxd6 Bxd6 20. Rxd6 Nd4 21. Rxd8 Rxd8 22. Kh1 Ne6 23. Qe2 Rxd1+ 24. Qxd1 e4 25. Nd2 f5 26. Nf1 Qc6 27. Ne3 g6 28. Qd2 Kf7 29. Qb4 b5 30. Qd2 h5 31. h4 f4 32. Nd5 Qd6 33. Kg1 e3 34. fxe3 fxe3 35. Qd3 Qg3 36. Qxe3 Qxe3+ 37. Nxe3 Nf4 38. Kf1 Ke6 39. Nc2 Nd3 40. b3 Ke5 41. a3 Ke4 42. b4 Ne5 43. Na1 Nc4 44. Nb3 Nxa3 45. Nc5+ Kd5 46. Nxa6 Kc4 47. Kf2 Nc2 48. Kf3 Nxb4 49. Nc7 Nd5 50. Nxb5 Kxb5 51. g4 Kc5 52. gxh5 gxh5 53. Ke4 Kd6 54. Kf5 Ke7 55. Kg6 Nf6 56. Kf5 Kf7 57. Kg5 Ke6 58. Kg6 Ke5 59. Kg5 Ke6 60. Kg6 Ke7 61. Kg5 Kf7 62. Kh6 Ke6 63. Kg6 Ke5 1/2-1/2

[Event "Czech Open Rapid 2019"]
[Site "Pardubice"]
[Date "2019.07.18"]
[Round "6.25"]
[White "Morozov, Mikhail M."]
[Black "Dobes, Vojtech"]
[Result "0-1"]
[WhiteElo "1997"]
[BlackElo "2212"]
[Annotator "NA"]
[PlyCount "66"]
[EventDate "2019.07.17"]
[EventType "swiss"]
[EventCountry "CZE"]
[SourceTitle "playchess.com"]
[Source "ChessBase"]
[SourceQuality "1"]

1. b3 e5 2. Bb2 Nc6 3. e3 Nf6 4. Bb5 Bd6 5. Nf3 Qe7 6. O-O O-O 7. Re1 e4 8. Nd4 Nxd4 9. Bxd4 c6 10. Bf1 Bc7 11. g3 d5 12. Bxf6 Qxf6 13. Nc3 Qg6 14. Be2 Be6 15. d4 Ba5 16. Qd2 h5 17. a3 h4 18. b4 Bc7 19. Bf1 Bg4 20. Ne2 Qf5 21. Bg2 g5 22. Rac1 b5 23. Qc3 Qf6 24. Ra1 Kg7 25. Nc1 Rh8 26. h3 hxg3 27. fxg3 Bxh3 28. Rf1 Qd6 29. Qe1 Bxg2 30. Kxg2 Qe6 31. Rh1 Rxh1 32. Qxh1 Rh8 33. Qg1 Qf5 0-1

[Event "Czech Open Rapid 2019"]
[Site "Pardubice"]
[Date "2019.07.18"]
[Round "6.26"]
[White "Votava, Jan"]
[Black "Roessler, Ulrike"]
[Result "1-0"]
[WhiteElo "2521"]
[BlackElo "2139"]
[Annotator "ChessBase"]
[PlyCount "55"]
[EventDate "2019.07.17"]
[EventType "swiss"]
[EventCountry "CZE"]
[SourceTitle "playchess.com"]
[Source "ChessBase"]
[SourceQuality "1"]

1. d4 Nf6 2. c4 g6 3. Nc3 Bg7 4. g3 O-O 5. Bg2 d6 6. Nf3 Nc6 7. O-O Bf5 8. Ne1 e5 9. d5 Na5 10. b3 e4 11. Nc2 c5 12. Ne3 Ng4 13. Qc2 Re8 14. Rb1 Bd4 15. Nxf5 gxf5 16. e3 Bg7 17. Bd2 b6 18. f3 exf3 19. Rxf3 f4 20. gxf4 Qh4 21. h3 Nh6 22. Nb5 Qe7 23. Bc3 Bxc3 24. Nxc3 Qf6 25. Rg3+ Kf8 26. Qxh7 Nf5 27. Rg8+ Ke7 28. Ne4 1-0

[Event "Czech Open Rapid 2019"]
[Site "Pardubice"]
[Date "2019.07.18"]
[Round "6.26"]
[White "Valenta, Vit"]
[Black "Mandak, Miroslav"]
[Result "1-0"]
[WhiteElo "2147"]
[BlackElo "1993"]
[Annotator "NA"]
[PlyCount "60"]
[EventDate "2019.07.17"]
[EventType "swiss"]
[EventCountry "CZE"]
[SourceTitle "playchess.com"]
[Source "ChessBase"]
[SourceQuality "1"]

1. e4 e6 2. d4 d5 3. Nc3 Bb4 4. a3 Bxc3+ 5. bxc3 dxe4 6. Qg4 Nf6 7. Qxg7 Rg8 8. Qh6 Rg6 9. Qh4 h5 10. Bg5 Nbd7 11. Ne2 c5 12. Nf4 cxd4 13. Nxg6 fxg6 14. cxd4 Qa5+ 15. Bd2 Qd5 16. c3 Kf7 17. Qg5 Qc6 18. Qb5 Qc7 19. g3 a6 20. Qb3 b5 21. Bh3 Nb6 22. O-O Nc4 23. Be3 Bd7 24. Bg2 Rc8 25. Bf4 Qb6 26. Qc2 Bc6 27. Rfe1 Qb7 28. Be5 Ng4 29. Bxe4 Bxe4 30. Rxe4 Ngxe5 1-0

[Event "Czech Open Rapid 2019"]
[Site "Pardubice"]
[Date "2019.07.18"]
[Round "6.27"]
[White "Karsay, Pascal"]
[Black "Trasak, Ondrej"]
[Result "1-0"]
[WhiteElo "2304"]
[BlackElo "1978"]
[Annotator "NA"]
[PlyCount "75"]
[EventDate "2019.07.17"]
[EventType "swiss"]
[EventCountry "CZE"]
[SourceTitle "playchess.com"]
[Source "ChessBase"]
[SourceQuality "1"]

1. Nf3 d5 2. g3 Nf6 3. Bg2 Bf5 4. c4 c6 5. O-O e6 6. cxd5 exd5 7. d3 Be7 8. Qb3 Qb6 9. Qc2 h6 10. Nc3 O-O 11. e4 dxe4 12. dxe4 Bh7 13. Be3 Qc7 14. h3 Nbd7 15. Nd4 a6 16. Rad1 c5 17. Nde2 b5 18. Nf4 Nb6 19. Ncd5 Nbxd5 20. Nxd5 Nxd5 21. Rxd5 c4 22. Rfd1 Rfd8 23. Bf4 Qb7 24. Qd2 Rxd5 25. exd5 Bd8 26. d6 Be4 27. Bxe4 Qxe4 28. Re1 Qc6 29. d7 Bb6 30. Qd6 Qxd6 31. Bxd6 Rd8 32. Re7 a5 33. a3 a4 34. Kg2 Ba5 35. Kf3 b4 36. Bxb4 Bxb4 37. Re8+ Bf8 38. Rxd8 1-0

[Event "Czech Open Rapid 2019"]
[Site "Pardubice"]
[Date "2019.07.18"]
[Round "6.27"]
[White "Karalkin, Maksim"]
[Black "Movsesian, Julia"]
[Result "1-0"]
[WhiteElo "2137"]
[BlackElo "2291"]
[Annotator "NA"]
[PlyCount "99"]
[EventDate "2019.07.17"]
[EventType "swiss"]
[EventCountry "CZE"]
[SourceTitle "playchess.com"]
[Source "ChessBase"]
[SourceQuality "1"]

1. e4 c5 2. Nf3 Nc6 3. Bb5 g6 4. Bxc6 dxc6 5. d3 Bg7 6. h3 e5 7. Be3 Qe7 8. O-O h6 9. Nc3 Nf6 10. Qd2 g5 11. Nh2 Be6 12. a3 Rd8 13. Qe2 O-O 14. Rfb1 b6 15. b4 Nd7 16. Na4 cxb4 17. axb4 Rfe8 18. Nc3 Nf8 19. b5 c5 20. Nf1 Ng6 21. Ng3 Nf4 22. Qf1 Qc7 23. Ra4 Rd7 24. Nf5 Red8 25. g3 Ng6 26. Qe2 Ne7 27. Nxe7+ Rxe7 28. Kh2 Red7 29. g4 Rc8 30. Rc4 Qb7 31. f3 f6 32. Nd1 Kf7 33. Nb2 h5 34. Kg3 Rh8 35. Ra4 Kg6 36. Kg2 Bf8 37. Nc4 Rdh7 38. Bg1 hxg4 39. hxg4 Rh1 40. Qf2 R8h2+ 41. Bxh2 Rxb1 42. c3 Rxb5 43. Qa2 Qf7 44. Rxa7 Qg8 45. Bxe5 fxe5 46. Nxe5+ Kf6 47. Nd7+ Ke7 48. Nxf8+ Kd6 49. Rd7+ Kc6 50. Qa8# 1-0

[Event "Czech Open Rapid 2019"]
[Site "Pardubice"]
[Date "2019.07.18"]
[Round "6.28"]
[White "Iro, Christian"]
[Black "Ret, Adam Josef"]
[Result "0-1"]
[WhiteElo "2077"]
[BlackElo "1943"]
[Annotator "NA"]
[PlyCount "58"]
[EventDate "2019.07.17"]
[EventType "swiss"]
[EventCountry "CZE"]
[SourceTitle "playchess.com"]
[Source "ChessBase"]
[SourceQuality "1"]

1. e4 e5 2. Nf3 Nc6 3. Bb5 Nf6 4. O-O Nxe4 5. d4 exd4 6. Re1 f5 7. Ng5 Be7 8. Nxe4 fxe4 9. Qh5+ g6 10. Qd5 e3 11. fxe3 d3 12. cxd3 Bf6 13. e4 Ne5 14. d4 c6 15. Qb3 cxb5 16. dxe5 Bxe5 17. Bh6 Qh4 18. g3 Qxh6 19. Qxb5 Bd4+ 20. Kg2 Rf8 21. Re2 Qg7 22. Na3 Qf6 23. Nc4 Qf3+ 24. Kh3 Qh5+ 25. Qxh5 gxh5 26. Kg2 Ke7 27. Rd1 Bc5 28. a3 d6 29. b4 Bg4 0-1